Reseña ... / Dirección de Servicios de Relaciones Internacionales
Publicado:
Barcelona :
Diputació de Barcelona. Àrea de Presidència. Direcció de Serveis de Relacions Internacionals, [2006]
Descripción Física:
59 f. : taules ; 29 cm
MARC
| LEADER | 00000nam a2200000Ia 4500 | ||
|---|---|---|---|
| 001 | 20977 | ||
| 008 | 160829s9999 xx 000 0 cat d | ||
| 080 | |a M-6-123 | ||
| 110 | |a Barcelona (Catalunya : Província). |b Direcció de Serveis de Relacions Internacionals |9 53455 | ||
| 245 | |a Reseña ... / Dirección de Servicios de Relaciones Internacionales | ||
| 260 | |a Barcelona : |b Diputació de Barcelona. Àrea de Presidència. Direcció de Serveis de Relacions Internacionals, [2006] | ||
| 300 | |a 59 f. : |b taules ; |c 29 cm | ||
| 590 | |a Hi ha un altre exemplar de l'any 2005 en català amb R. 21186 i en anglès amb R. 21187 | ||
| 610 | 0 | |a Barcelona (Catalunya : Província). |b Direcció de Serveis de Relacions Internacionals |9 53455 | |
| 650 | |a Relacions internacionals |9 31027 | ||
| 866 | |a 2005 | ||
| 901 | |a Arxiu | ||
| 942 | |n 1 | ||
| 952 | |0 0 |1 0 |4 0 |6 M6123 |7 1 |9 47253 |a Arxiu |b Arxiu |d 2016-12-01 |l 0 |o M-6-123 |p 20977 |r 2016-12-01 00:00:00 |w 2016-12-01 |y ARXIU | ||
| 999 | |c 51050 |d 51050 | ||